[Event "IV Iberoamerican Championship"]
[Site "?"]
[Date "2012.04.21"]
[Round "9"]
[White "Milos, Gilberto"]
[Black "Bruzon, Lazaro"]
[Result "1-0"]
[WhiteElo "2593"]
[BlackElo "2694"]
[PlyCount "69"]
[EventDate "2012.??.??"]
[SourceDate "2012.04.22"]

1. c4 Nf6 2. Nc3 e5 3. Nf3 Nc6 4. d3 Bc5 5. a3 a6 6. Bg5 h6 7. Bxf6 Qxf6 8. Ne4
Qe7 9. Nxc5 Qxc5 10. g3 a5 11. Bg2 Qe7 12. O-O d6 13. Ne1 h5 14. b4 h4 15. b5
Nd4 16. Nf3 Ne6 17. Qd2 Nc5 18. Qe3 h3 19. Bh1 Kf8 20. Rad1 Rb8 21. b6 c6 22.
d4 exd4 23. Qxd4 Rh6 24. Qc3 a4 25. Nd4 Bd7 26. Rfe1 Re8 27. e4 Qd8 28. Qb4 Na6
29. Qb2 Qg5 30. f4 Qc5 31. Bf3 Rhe6 32. Kh1 R6e7 33. g4 Qxc4 34. Rc1 Rxe4 35.
Rxe4 1-0

[Event "IV Iberoamerican Championship"]
[Site "?"]
[Date "2012.04.22"]
[Round "10"]
[White "Bruzon, Lazaro"]
[Black "Leitao, Rafael"]
[Result "1-0"]
[WhiteElo "2694"]
[BlackElo "2623"]
[PlyCount "103"]
[EventDate "2012.??.??"]
[SourceDate "2012.04.23"]

1. c4 Nf6 2. g3 e6 3. Bg2 d5 4. Nf3 dxc4 5. Qa4+ c6 6. Qxc4 b5 7. Qb3 Bb7 8.
O-O Nbd7 9. d4 a6 10. Ne5 Nxe5 11. dxe5 Nd5 12. Nc3 Be7 13. Ne4 Qc7 14. Bg5
Bxg5 15. Nxg5 Qxe5 16. Ne4 O-O 17. Nc5 Qc7 18. Rfc1 Rad8 19. Qc2 Bc8 20. Nd3
Bb7 21. a4 Qe7 22. Qc5 Rfe8 23. Qxe7 Rxe7 24. Nc5 g6 25. e4 Nf6 26. Rd1 Rc8 27.
b4 bxa4 28. Rxa4 e5 29. Bf1 Rb8 30. f3 Kg7 31. Rd6 Ne8 32. Rd7 Rxd7 33. Nxd7
Rd8 34. Nxe5 Rd4 35. Nd3 Nc7 36. Kf2 c5 37. Ke3 Ne6 38. Bh3 Bc6 39. Ra5 Bb5 40.
Nxc5 Rxb4 41. Bxe6 fxe6 42. Nxe6+ Kf6 43. Nc5 Rc4 44. Nxa6 Rc3+ 45. Kd2 Rd3+
46. Kc2 Bc4 47. Ra4 Rxf3 48. Rxc4 Rf2+ 49. Kd3 Rxh2 50. Ke3 Kg5 51. Nb4 Kg4 52.
e5+ 1-0

[Event "Neckar Open"]
[Site "?"]
[Date "2012.04.05"]
[Round "1"]
[White "Demel, Paul"]
[Black "Bacrot, Etienne"]
[Result "0-1"]
[WhiteElo "2127"]
[BlackElo "2706"]
[PlyCount "88"]
[EventDate "2012.??.??"]

1. Nf3 c5 2. c4 Nc6 3. d4 cxd4 4. Nxd4 Nf6 5. Nc3 e6 6. a3 Bc5 7. Nb3 Be7 8. g3
b6 9. Bg2 Ba6 10. Nd2 O-O 11. b4 Bb7 12. O-O Qc8 13. Bb2 a5 14. Na4 Qc7 15. b5
Na7 16. Bxb7 Qxb7 17. Bd4 Nc8 18. Qb3 d6 19. Qe3 Nd7 20. Rfd1 Re8 21. Nb3 Bf8
22. Bb2 Ne7 23. Qd3 Rac8 24. Rac1 Rc7 25. e4 Nc8 26. Qe2 Be7 27. Nd4 Bf6 28.
Nc6 Bxb2 29. Qxb2 f6 30. Qe2 Ne5 31. Nd4 Nf7 32. Nc3 Rc5 33. Nc6 g6 34. e5 f5
35. Na4 Rxc6 36. bxc6 Qxc6 37. Nb2 Ng5 38. f3 Nxf3+ 39. Kf2 Nxh2 40. Nd3 Ng4+
41. Kg1 dxe5 42. c5 e4 43. cxb6 Qxb6+ 44. Nc5 Ne7 0-1

[Event "Neckar Open"]
[Site "?"]
[Date "2012.04.05"]
[Round "1"]
[White "Naiditsch, Arkadij"]
[Black "Brenner, Markus"]
[Result "1-0"]
[WhiteElo "2702"]
[BlackElo "2128"]
[PlyCount "51"]
[EventDate "2012.??.??"]

1. e4 c5 2. Nf3 e6 3. d4 cxd4 4. Nxd4 Nc6 5. Nc3 Qc7 6. f4 a6 7. Nxc6 Qxc6 8.
Bd3 b5 9. Qe2 Bb7 10. Bd2 Bc5 11. a4 b4 12. Nd5 Qd6 13. Ne3 Qxf4 14. Nc4 Qh4+
15. g3 Qe7 16. Na5 Bc8 17. e5 Qd8 18. Nc4 Bb7 19. Rf1 a5 20. Be3 d5 21. Bxc5
dxc4 22. Bxc4 Ne7 23. Bb5+ Bc6 24. Bxe7 Bxb5 25. Qxb5+ Kxe7 26. Qb7+ 1-0

[Event "Neckar Open"]
[Site "?"]
[Date "2012.04.06"]
[Round "2"]
[White "Bacrot, Etienne"]
[Black "Burschowsky, Matthias"]
[Result "1-0"]
[WhiteElo "2706"]
[BlackElo "2229"]
[PlyCount "81"]
[EventDate "2012.??.??"]

1. d4 Nf6 2. c4 e6 3. Nf3 Bb4+ 4. Nbd2 b6 5. a3 Bxd2+ 6. Qxd2 Bb7 7. e3 O-O 8.
Be2 d6 9. b4 Nbd7 10. Bb2 Ne4 11. Qc2 f5 12. Rd1 Qe7 13. d5 e5 14. O-O a5 15.
Ne1 Qh4 16. Bd3 Bc8 17. f3 Ng5 18. Bxf5 g6 19. Bd3 Nf6 20. e4 Bd7 21. b5 Rf7
22. Be2 Raf8 23. Nd3 Nfxe4 24. fxe4 Qxe4 25. Rxf7 Rxf7 26. Rf1 Bh3 27. Bd1
Rxf1+ 28. Kxf1 Bf5 29. Be2 Bh3 30. Bd1 Bf5 31. Ne1 Qf4+ 32. Qf2 Qxc4+ 33. Be2
Qxd5 34. Qh4 Ne4 35. Qd8+ Kg7 36. Qxc7+ Kh6 37. Bc1+ Nd2+ 38. Bxd2+ Qxd2 39.
Nf3 Qd5 40. Qxb6 e4 41. Qe3+ 1-0

[Event "Neckar Open"]
[Site "?"]
[Date "2012.04.06"]
[Round "2"]
[White "Zhou, Syang"]
[Black "Naiditsch, Arkadij"]
[Result "1/2-1/2"]
[WhiteElo "2230"]
[BlackElo "2702"]
[PlyCount "82"]
[EventDate "2012.??.??"]

1. e4 c5 2. Nf3 Nc6 3. d4 cxd4 4. Nxd4 Qb6 5. Nb3 e6 6. Be3 Qc7 7. Bd3 Nf6 8.
O-O a6 9. N1d2 d5 10. Bg5 Nb4 11. Bxf6 gxf6 12. Qf3 Be7 13. exd5 Nxd5 14. c4
Nf4 15. c5 Rg8 16. g3 Bd7 17. Nc4 f5 18. Rfd1 Nh3+ 19. Kf1 Bxc5 20. Nxc5 Qxc5
21. b4 Qa7 22. Bxf5 Qxf2+ 23. Qxf2 Nxf2 24. Kxf2 exf5 25. Nd6+ Ke7 26. Nxb7 Rg4
27. Nc5 Be8 28. Nd3 Rd4 29. Nf4 Re4 30. Rac1 Kf8 31. Nd5 Bb5 32. Re1 Rxe1 33.
Rxe1 Rd8 34. Re5 Bc4 35. Ne3 Rd2+ 36. Kf3 Be2+ 37. Kf4 Rd4+ 38. Kg5 Rxb4 39.
Rc5 Bd3 40. Nxf5 Bxf5 41. Kxf5 Kg7 1/2-1/2

[Event "Neckar Open"]
[Site "?"]
[Date "2012.04.06"]
[Round "3"]
[White "Wagner, Dennis"]
[Black "Bacrot, Etienne"]
[Result "0-1"]
[WhiteElo "2379"]
[BlackElo "2706"]
[PlyCount "76"]
[EventDate "2012.??.??"]

1. d4 Nf6 2. c4 g6 3. Nc3 Bg7 4. e4 d6 5. Nf3 O-O 6. Be2 e5 7. O-O Nc6 8. d5
Ne7 9. Ne1 Nd7 10. Nd3 f5 11. Bd2 Nf6 12. f3 f4 13. c5 g5 14. Rc1 Ng6 15. Nb5
Rf7 16. Ba5 b6 17. cxd6 cxd6 18. Be1 a6 19. Nc3 a5 20. Bf2 Bf8 21. Nb5 g4 22.
Rc6 Bb7 23. Bxb6 Qb8 24. Bc7 Rxc7 25. Nxc7 Bxc6 26. Nxa8 Bd7 27. b4 Qxa8 28.
Qb3 Qa7+ 29. Kh1 Qe3 30. Nc1 Qb6 31. a4 axb4 32. Na2 gxf3 33. gxf3 Bh3 34. Rg1
Qf2 35. Bd1 Nh5 36. Qc2 Qh4 37. a5 b3 38. Qxb3 Ng3+ 0-1

[Event "Neckar Open"]
[Site "?"]
[Date "2012.04.07"]
[Round "4"]
[White "Bacrot, Etienne"]
[Black "Heimann, Andreas"]
[Result "1-0"]
[WhiteElo "2706"]
[BlackElo "2480"]
[PlyCount "55"]
[EventDate "2012.??.??"]

1. Nf3 Nf6 2. c4 e6 3. d4 b6 4. g3 Bb7 5. Bg2 c5 6. d5 exd5 7. Ng5 Be7 8. Nc3
O-O 9. O-O Na6 10. cxd5 d6 11. e4 Nd7 12. Nf3 Bf6 13. Bf4 Ne5 14. Nxe5 Bxe5 15.
Be3 Re8 16. Qd2 Nc7 17. f4 Bf6 18. Rad1 Ba6 19. Rfe1 Nb5 20. Ne2 Rc8 21. a4 Nd4
22. Nxd4 cxd4 23. Bxd4 Bxd4+ 24. Qxd4 Rc4 25. Qf2 Rxa4 26. e5 dxe5 27. fxe5 Bb7
28. e6 1-0

[Event "Neckar Open"]
[Site "?"]
[Date "2012.04.07"]
[Round "4"]
[White "Friedrichs, Klaus"]
[Black "Naiditsch, Arkadij"]
[Result "0-1"]
[WhiteElo "2283"]
[BlackElo "2702"]
[PlyCount "74"]
[EventDate "2012.??.??"]

1. d4 Nf6 2. Nf3 c5 3. d5 g6 4. Nc3 Bg7 5. e4 d6 6. Be2 Na6 7. O-O Nc7 8. Re1
O-O 9. h3 a6 10. a4 Rb8 11. Bf4 b5 12. axb5 axb5 13. e5 Nfe8 14. Bf1 Rb6 15.
Ra5 b4 16. Ne4 h6 17. Bc4 g5 18. Bh2 g4 19. hxg4 Bxg4 20. Qd3 Bh5 21. exd6 exd6
22. Bf4 Nf6 23. Ng3 Bg6 24. Qd2 Ng4 25. Ra2 Ne8 26. Re2 Rb8 27. b3 Rb7 28. Ra6
Kh7 29. Bd3 Bc3 30. Qd1 Qf6 31. Bxg6+ fxg6 32. Bxd6 Nxd6 33. Re6 Qf4 34. Raxd6
Nxf2 35. Kxf2 Bd4+ 36. Kf1 Qxg3 37. Qe2 Rbf7 0-1

[Event "Neckar Open"]
[Site "?"]
[Date "2012.04.07"]
[Round "5"]
[White "Petr, Martin"]
[Black "Bacrot, Etienne"]
[Result "1/2-1/2"]
[WhiteElo "2522"]
[BlackElo "2706"]
[PlyCount "47"]
[EventDate "2012.??.??"]

1. e4 e5 2. Nf3 Nc6 3. d4 exd4 4. Nxd4 Nf6 5. Nxc6 bxc6 6. e5 Qe7 7. Qe2 Nd5 8.
c4 Nb6 9. Nc3 Bb7 10. Bf4 g6 11. Qe3 Bg7 12. Bd3 O-O 13. O-O Ba6 14. b3 d6 15.
Rae1 Nd7 16. Qf3 dxe5 17. Qxc6 Qc5 18. Qxd7 exf4 19. Nd5 Rad8 20. Qh3 Bb7 21.
Bxg6 fxg6 22. Ne7+ Kh8 23. Nxg6+ Kg8 24. Ne7+ 1/2-1/2

[Event "Neckar Open"]
[Site "?"]
[Date "2012.04.08"]
[Round "6"]
[White "Bacrot, Etienne"]
[Black "Bischoff, Klaus"]
[Result "1/2-1/2"]
[WhiteElo "2706"]
[BlackElo "2521"]
[PlyCount "55"]
[EventDate "2012.??.??"]

1. d4 Nf6 2. c4 e6 3. Nf3 b6 4. g3 Bb4+ 5. Bd2 Be7 6. Bg2 c6 7. Nc3 Bb7 8. Bf4
O-O 9. O-O d5 10. Nd2 Na6 11. e4 dxc4 12. Nxc4 b5 13. Ne3 Qb6 14. a4 Rfd8 15.
e5 Nd5 16. Nexd5 cxd5 17. Nxb5 Bc6 18. Nd6 Nc7 19. a5 Qa6 20. Qh5 Bxd6 21. exd6
Ne8 22. Rfc1 Nxd6 23. Bf1 Bb5 24. Rc7 Rf8 25. Bh3 Ne8 26. Re7 Nf6 27. Qe5 Rfe8
28. Rc7 1/2-1/2

[Event "Neckar Open"]
[Site "?"]
[Date "2012.04.08"]
[Round "6"]
[White "Rapport, Richard"]
[Black "Naiditsch, Arkadij"]
[Result "1-0"]
[WhiteElo "2559"]
[BlackElo "2702"]
[PlyCount "65"]
[EventDate "2012.??.??"]
[TimeControl "3420"]

1. Nf3 d5 2. g3 Nf6 3. Bg2 Bf5 4. O-O e6 5. c4 c6 6. d3 Be7 7. b3 O-O 8. Bb2 a5
9. a3 Na6 10. Nbd2 Nd7 11. Qc2 Bf6 12. Rab1 Nac5 13. Bd4 Qe7 14. b4 axb4 15.
axb4 Na4 16. e4 dxe4 17. dxe4 Bg6 18. c5 Rfd8 19. Bxf6 Qxf6 20. Rfc1 Bh5 21.
Rb3 b5 22. Rd3 Ne5 23. Nxe5 Qxe5 24. Nb3 Qb2 25. Rxd8+ Rxd8 26. Qxb2 Nxb2 27.
Na5 Nd3 28. Nxc6 Ra8 29. Rb1 Ra2 30. Nd4 Nxf2 31. c6 e5 32. c7 Bg4 33. Nf5 1-0

[Event "Neckar Open"]
[Site "?"]
[Date "2012.04.08"]
[Round "7"]
[White "Bacrot, Etienne"]
[Black "Rapport, Richard"]
[Result "1-0"]
[WhiteElo "2706"]
[BlackElo "2559"]
[PlyCount "100"]
[EventDate "2012.04.09"]
[SourceDate "2012.04.09"]

1. d4 d5 2. c4 c6 3. Nc3 Nf6 4. e3 e6 5. Nf3 Nbd7 6. Qc2 Bd6 7. Bd3 O-O 8. O-O
dxc4 9. Bxc4 b5 10. Bd3 Bb7 11. a3 a5 12. e4 e5 13. Rd1 Qe7 14. Ne2 Rfe8 15.
Bg5 h6 16. Bh4 Bb8 17. dxe5 Nxe5 18. Nxe5 Qxe5 19. f4 Ba7+ 20. Kh1 Qc5 21. Bxf6
Qxc2 22. Bxc2 gxf6 23. Ng3 Bc5 24. Nh5 Be7 25. Rd7 Bc8 26. Rc7 Be6 27. f5 Bc4
28. Rxc6 Rac8 29. Nxf6+ Bxf6 30. Rxf6 Red8 31. Bd1 Rd2 32. b4 Ra8 33. bxa5 Rxa5
34. h3 b4 35. a4 Ra6 36. Rxa6 Bxa6 37. Bb3 Bb7 38. Rd1 Rxd1+ 39. Bxd1 Bxe4 40.
a5 Bd5 41. a6 b3 42. f6 Kf8 43. Kh2 b2 44. Bc2 Ke8 45. g4 Kd7 46. h4 Kd6 47. a7
Ke5 48. g5 hxg5 49. hxg5 Bb7 50. Bb1 Kd5 1-0

[Event "Neckar Open"]
[Site "?"]
[Date "2012.04.08"]
[Round "7"]
[White "Naiditsch, Arkadij"]
[Black "Bluebaum, Matthias"]
[Result "1-0"]
[WhiteElo "2702"]
[BlackElo "2407"]
[PlyCount "47"]
[EventDate "2012.04.09"]
[SourceDate "2012.04.09"]

1. c4 c6 2. e4 d5 3. exd5 cxd5 4. d4 Nf6 5. Nc3 Nc6 6. Bg5 dxc4 7. Bxc4 e6 8.
Nf3 Be7 9. O-O O-O 10. Re1 b6 11. a3 Bb7 12. Ba2 Nd5 13. Bxd5 Bxg5 14. Be4 Bf6
15. Qa4 Na5 16. Ne5 Qe7 17. Rad1 Rfc8 18. Nd7 Bc6 19. Bxc6 Nxc6 20. Nxf6+ Qxf6
21. d5 exd5 22. Nxd5 Qg5 23. Re3 h6 24. Rc3 1-0

[Event "Neckar Open"]
[Site "?"]
[Date "2012.04.09"]
[Round "8"]
[White "Shanava, Konstantine"]
[Black "Bacrot, Etienne"]
[Result "1-0"]
[WhiteElo "2586"]
[BlackElo "2706"]
[PlyCount "59"]
[EventDate "2012.??.??"]
[SourceDate "2012.04.09"]

1. e4 e5 2. Nf3 Nc6 3. Bc4 Bc5 4. O-O Nf6 5. d3 O-O 6. Nbd2 d5 7. exd5 Nxd5 8.
Re1 Nf6 9. h3 a6 10. Nxe5 Bxf2+ 11. Kxf2 Qd4+ 12. Kg3 Nxe5 13. Nb3 Qd6 14. Bf4
Nfd7 15. Qh5 b5 16. Bxe5 Nxe5 17. Qxe5 Qg6+ 18. Kh2 bxc4 19. dxc4 Qxc2 20. Rac1
Qf2 21. Nc5 Qd2 22. Rcd1 Qb4 23. Rd8 Bb7 24. Rd7 Qxc4 25. Nxb7 Qxa2 26. Rxc7 h6
27. Nd6 Rab8 28. Nf5 Qxb2 29. Rc3 f6 30. Qg3 1-0

[Event "Neckar Open"]
[Site "?"]
[Date "2012.04.09"]
[Round "8"]
[White "Shishkin, Vadim"]
[Black "Naiditsch, Arkadij"]
[Result "1/2-1/2"]
[WhiteElo "2464"]
[BlackElo "2702"]
[PlyCount "120"]
[EventDate "2012.??.??"]
[SourceDate "2012.04.09"]

1. d4 Nf6 2. c4 e6 3. Nc3 c5 4. d5 exd5 5. cxd5 d6 6. e4 g6 7. Bd3 Bg7 8. h3 a6
9. a4 Nbd7 10. Nf3 Nh5 11. Bg5 Bf6 12. Be3 Ne5 13. Be2 Nxf3+ 14. Bxf3 Ng7 15.
Qd2 O-O 16. h4 h5 17. g3 Rb8 18. a5 b5 19. axb6 Qxb6 20. Ra2 Bd4 21. Bxd4 cxd4
22. Ne2 Qb3 23. Ra3 Qxb2 24. Qxb2 Rxb2 25. Nxd4 Rb4 26. Nc2 Rb2 27. Kd2 f5 28.
Re1 fxe4 29. Rxe4 Rb5 30. Rc4 Nf5 31. Be4 Ne7 32. f4 Bf5 33. Ne3 Bxe4 34. Rxe4
Nxd5 35. Rxa6 Rb2+ 36. Kd3 Rb3+ 37. Kd2 Rb2+ 38. Kd3 Nb4+ 39. Kc3 Nxa6 40. Kxb2
Nc5 41. Re7 Rb8+ 42. Kc2 Kf8 43. Ra7 Re8 44. Ra3 Ne4 45. f5 Nxg3 46. fxg6 Kg7
47. Nd5 Ne2 48. Ra6 Re6 49. Nc7 Rxg6 50. Ne8+ Kf8 51. Nxd6 Nd4+ 52. Kd3 Nf3 53.
Ra8+ Ke7 54. Nf5+ Kf6 55. Nd4 Ne5+ 56. Ke4 Rg4+ 57. Kd5 Ng6 58. Ra6+ Kf7 59.
Ra7+ Ke8 60. Ra8+ Kd7 1/2-1/2

[Event "Neckar Open"]
[Site "?"]
[Date "2012.04.09"]
[Round "9"]
[White "Bacrot, Etienne"]
[Black "Rau, Hannes"]
[Result "1-0"]
[WhiteElo "2706"]
[BlackElo "2464"]
[PlyCount "105"]
[EventDate "2012.??.??"]
[SourceDate "2012.04.10"]

1. c4 Nf6 2. d4 e6 3. Nc3 Bb4 4. Nf3 O-O 5. Bg5 c5 6. Rc1 h6 7. Bh4 cxd4 8.
Nxd4 Nc6 9. e3 b6 10. Ndb5 Be7 11. Be2 Ne8 12. Bg3 d6 13. O-O Bb7 14. Bf3 a6
15. Nd4 Qc8 16. Nxc6 Bxc6 17. Nd5 Bd8 18. Nb4 Bxf3 19. Qxf3 Ra7 20. Qc6 Qxc6
21. Nxc6 Ra8 22. Rfd1 Bc7 23. e4 f6 24. f3 Kf7 25. Bf2 a5 26. Nd4 Ke7 27. Nb5
Rb8 28. Rc3 Rb7 29. Rb3 Kd7 30. f4 g6 31. Rh3 Rh8 32. Rg3 g5 33. f5 e5 34. Rb3
h5 35. Nc3 Kc6 36. Nd5 Bd8 37. Rdd3 Rhh7 38. Kf1 Rb8 39. Rh3 Rbb7 40. Rb5 Rb8
41. Rhb3 Rhb7 42. Ke2 Ng7 43. Kd2 Ne8 44. Kc2 Ng7 45. a4 Ne8 46. Rh3 Ng7 47. b4
axb4 48. Nxb4+ Kd7 49. Nd5 Kc6 50. Rhb3 Ne8 51. Kb2 Ng7 52. Nb4+ Kd7 53. a5 1-0

[Event "Neckar Open"]
[Site "?"]
[Date "2012.04.09"]
[Round "9"]
[White "Naiditsch, Arkadij"]
[Black "Kurmann, Oliver"]
[Result "1-0"]
[WhiteElo "2702"]
[BlackElo "2458"]
[PlyCount "53"]
[EventDate "2012.??.??"]
[SourceDate "2012.04.10"]

1. c4 Nf6 2. Nf3 c5 3. Nc3 e6 4. e3 d6 5. d4 Nbd7 6. Bd3 a6 7. O-O g6 8. Rb1
Qc7 9. Bd2 b6 10. b4 Bg7 11. bxc5 bxc5 12. Qa4 cxd4 13. Ne4 O-O 14. Ba5 Qa7 15.
exd4 Nxe4 16. Bxe4 Rb8 17. Rxb8 Nxb8 18. Bb4 Bd7 19. Qa3 Rc8 20. Bxd6 Rxc4 21.
Rb1 Bb5 22. Bd3 Ra4 23. Qxa4 Bxa4 24. Rxb8+ Bf8 25. Ng5 Kg7 26. Bxf8+ Kf6 27.
Nxh7# 1-0

[Event "Reykjavik Open"]
[Site "Reykjavik ISL"]
[Date "2012.03.06"]
[Round "1"]
[White "Navara, D."]
[Black "Goodger, M."]
[Result "1-0"]
[WhiteElo "2700"]
[BlackElo "2098"]
[PlyCount "71"]
[EventDate "2012.03.06"]

1. d4 f5 2. g3 Nf6 3. Bg2 g6 4. Nf3 Bg7 5. O-O O-O 6. b3 d6 7. Bb2 Qe8 8. c4
Na6 9. Qc2 Rb8 10. Nbd2 b5 11. a3 c6 12. Rac1 Bd7 13. Ne1 Qf7 14. Nd3 Rfc8 15.
Rfe1 Nc7 16. Nb4 Nce8 17. cxb5 cxb5 18. Qd3 Rb6 19. Rxc8 Bxc8 20. Rc1 Qe6 21.
Nc6 Ba6 22. d5 Qd7 23. Bd4 b4 24. Nc4 Bxc4 25. bxc4 Rb7 26. axb4 Bh6 27. Ra1 f4
28. Bxa7 Qg4 29. Bd4 fxg3 30. hxg3 Rd7 31. Ra8 Kf7 32. Nd8+ Kf8 33. Bf3 Qh3 34.
Ne6+ Kf7 35. Bxf6 Nxf6 36. Rf8+ 1-0

[Event "Reykjavik Open"]
[Site "Reykjavik ISL"]
[Date "2012.03.07"]
[Round "2"]
[White "Caruana, F."]
[Black "Sigfusson, S."]
[Result "1-0"]
[WhiteElo "2767"]
[BlackElo "2346"]
[PlyCount "99"]
[EventDate "2012.03.06"]

1. e4 e5 2. Nf3 Nc6 3. Bb5 a6 4. Ba4 Nf6 5. O-O Be7 6. d3 b5 7. Bb3 d6 8. a4 b4
9. Nbd2 Na5 10. Ba2 Be6 11. Bxe6 fxe6 12. c3 bxc3 13. bxc3 O-O 14. Re1 Nd7 15.
d4 Bf6 16. Ba3 Qe7 17. Rb1 Qf7 18. Qe2 g5 19. h3 Kh8 20. Nf1 Qg6 21. d5 exd5
22. exd5 Bd8 23. Ne3 Rf4 24. c4 Nb6 25. c5 Nxa4 26. Qd2 Nc4 27. Nxc4 Rxc4 28.
Rbc1 Rxc1 29. Qxc1 e4 30. cxd6 cxd6 31. Nd2 Ba5 32. Qc4 Kg8 33. Qxa4 Bxd2 34.
Rxe4 Bf4 35. g3 Be5 36. Bc1 Kh8 37. Be3 Qf7 38. Qc4 h6 39. h4 Qf5 40. hxg5 hxg5
41. Bxg5 Rc8 42. Qe2 Rc7 43. f4 Rc3 44. Kg2 Bg7 45. Re8+ Bf8 46. Qb2 Qc2+ 47.
Qxc2 Rxc2+ 48. Kf3 Kg7 49. Ra8 Ra2 50. Ke4 1-0

[Event "Reykjavik Open"]
[Site "Reykjavik ISL"]
[Date "2012.03.07"]
[Round "2"]
[White "Gislason, G."]
[Black "Navara, D."]
[Result "0-1"]
[WhiteElo "2346"]
[BlackElo "2700"]
[PlyCount "174"]
[EventDate "2012.03.06"]

1. d4 Nf6 2. Nf3 e6 3. g3 c5 4. Bg2 cxd4 5. O-O d5 6. Nxd4 e5 7. Nb3 Be6 8. c4
Nc6 9. cxd5 Bxd5 10. Nc3 Bxg2 11. Kxg2 Bb4 12. Bg5 Bxc3 13. Qxd8+ Nxd8 14. bxc3
Ne4 15. Bc1 Ne6 16. c4 Rc8 17. Ba3 Rxc4 18. Rac1 Rxc1 19. Rxc1 Kd7 20. f3 Nf6
21. Na5 Nd4 22. Kf2 b6 23. Nc4 Ke6 24. Nxe5 Kxe5 25. Bb2 Rd8 26. e3 Rd5 27.
Bxd4+ Ke6 28. g4 Ne8 29. Kg3 g6 30. Rc8 Kd7 31. Rc2 Nc7 32. h4 Ne6 33. Bf6 b5
34. e4 Rd1 35. Kf2 a5 36. Ke2 Rh1 37. Rd2+ Kc6 38. Be5 b4 39. Rd6+ Kb5 40. Rd7
Rxh4 41. Rxf7 a4 42. Rb7+ Kc4 43. Rb6 Nc5 44. Bd6 Nd3 45. Ke3 b3 46. axb3+ axb3
47. Rxb3 Kxb3 48. Kxd3 Rh3 49. Ke3 Kc4 50. g5 Rh1 51. Bg3 Rg1 52. Kf4 Kd3 53.
Kg4 Ke3 54. e5 Ra1 55. Bf4+ Kf2 56. Bg3+ Kg2 57. e6 Ra6 58. e7 Re6 59. Bd6 Kf2
60. Bc5+ Ke2 61. Kg3 Kd3 62. Kf4 Kc4 63. Ba3 Kb5 64. Bd6 Kc6 65. Ba3 Kd7 66.
Bc5 Rc6 67. Ba3 Rc4+ 68. Kg3 Rd4 69. Bb2 Rd3 70. Bf6 Re3 71. Kg4 Ke8 72. Kg3
Kf7 73. Kf2 Re6 74. f4 Re4 75. Kf3 Re1 76. Kf2 Rb1 77. Ke2 Rb8 78. Kf3 h5 79.
f5 gxf5 80. Kf4 Ke6 81. Kg3 Re8 82. Kh4 f4 83. Kxh5 f3 84. Bd4 Kf5 85. Kh4 Kf4
86. Kh3 Rxe7 87. Kh2 Ke4 0-1

[Event "Reykjavik Open"]
[Site "Reykjavik ISL"]
[Date "2012.03.08"]
[Round "3"]
[White "Krush, I."]
[Black "Caruana, F."]
[Result "0-1"]
[WhiteElo "2461"]
[BlackElo "2767"]
[PlyCount "78"]
[EventDate "2012.03.06"]

1. d4 Nf6 2. c4 g6 3. Nc3 d5 4. Nf3 Bg7 5. Qb3 dxc4 6. Qxc4 O-O 7. e4 Nc6 8.
Be2 Nd7 9. Be3 Nb6 10. Qc5 f5 11. d5 f4 12. dxc6 fxe3 13. Qxe3 bxc6 14. O-O Qe8
15. Rac1 Kh8 16. Bd1 h6 17. Ne2 e5 18. Nd2 a5 19. Nc4 Ra6 20. a3 Be6 21. Nxb6
Rxb6 22. Qc3 Qa8 23. Ba4 c5 24. Ng3 c4 25. Bd1 Rfb8 26. Be2 Rb3 27. Qc2 c3 28.
bxc3 Rxa3 29. Ra1 Rab3 30. Ra4 Rb2 31. Qd3 Rf8 32. Rfa1 Qa7 33. Rxa5 Qxf2+ 34.
Kh1 Bg4 35. Rf1 Qb6 36. Raa1 Bxe2 37. Rxf8+ Bxf8 38. Nxe2 Qf2 39. Qg3 Rxe2 0-1

[Event "Reykjavik Open"]
[Site "Reykjavik ISL"]
[Date "2012.03.08"]
[Round "3"]
[White "Navara, D."]
[Black "Gretarsson, Hj"]
[Result "1-0"]
[WhiteElo "2700"]
[BlackElo "2460"]
[PlyCount "73"]
[EventDate "2012.03.06"]

1. d4 d5 2. c4 c6 3. Nf3 Nf6 4. e3 Bf5 5. Nc3 e6 6. Nh4 Bg6 7. Be2 Nbd7 8. O-O
Ne4 9. g3 Nd6 10. b3 Be7 11. Nxg6 hxg6 12. Qc2 Nf6 13. Rb1 Qd7 14. f3 Nf5 15.
Rd1 Rd8 16. c5 Qc7 17. f4 g5 18. b4 gxf4 19. exf4 g6 20. g4 Nh4 21. Rf1 g5 22.
Rf2 Nh7 23. Bd3 Nf8 24. fxg5 Rg8 25. Bf4 Qd7 26. Rbf1 e5 27. Bxe5 Qxg4+ 28. Kh1
Ne6 29. Rxf7 Rd7 30. g6 Bg5 31. Rg1 Qh5 32. Qf2 Nxg6 33. Rxd7 Nxe5 34. Be2 Qg6
35. Rxb7 Nd7 36. Rxa7 Rg7 37. Bg4 1-0

[Event "Reykjavik Open"]
[Site "Reykjavik ISL"]
[Date "2012.03.09"]
[Round "4"]
[White "Avrukh, B."]
[Black "Navara, D."]
[Result "0-1"]
[WhiteElo "2591"]
[BlackElo "2700"]
[PlyCount "72"]
[EventDate "2012.03.06"]

1. d4 Nf6 2. c4 g6 3. g3 Bg7 4. Bg2 d5 5. cxd5 Nxd5 6. Nf3 Nb6 7. Nc3 Nc6 8. e3
O-O 9. O-O Re8 10. Re1 a5 11. Qc2 e5 12. Nxe5 Nxe5 13. dxe5 Bxe5 14. e4 c6 15.
Bh6 Qe7 16. f4 Qc5+ 17. Kh1 Bxc3 18. bxc3 Nc4 19. Rad1 Qh5 20. Bg5 Bh3 21. Qf2
h6 22. Bf6 Bxg2+ 23. Kxg2 Rxe4 24. Rxe4 Qxd1 25. Rd4 Qh5 26. Qe1 Qf5 27. Bh4 b5
28. Qe7 Kg7 29. Qe2 c5 30. Re4 g5 31. fxg5 hxg5 32. a4 Rd8 33. Rf4 gxf4 34.
Bxd8 f3+ 35. Qxf3 Qxf3+ 36. Kxf3 bxa4 0-1

[Event "Reykjavik Open"]
[Site "Reykjavik ISL"]
[Date "2012.03.09"]
[Round "4"]
[White "Caruana, F."]
[Black "L'Ami, E."]
[Result "1-0"]
[WhiteElo "2767"]
[BlackElo "2611"]
[PlyCount "115"]
[EventDate "2012.03.06"]

1. e4 e5 2. Nf3 Nc6 3. Bb5 a6 4. Ba4 Nf6 5. O-O Nxe4 6. d4 b5 7. Bb3 d5 8. dxe5
Be6 9. Nbd2 Be7 10. c3 Nc5 11. Bc2 d4 12. Nb3 d3 13. Bb1 Nxb3 14. axb3 Bf5 15.
Be3 O-O 16. Bd4 Qd5 17. Re1 d2 18. Re2 Bxb1 19. Rxb1 Nxd4 20. Nxd4 Bg5 21. g3
c5 22. Nf5 Qd3 23. Nd6 Qg6 24. h4 Bxh4 25. Rxd2 Be7 26. Rd5 f6 27. e6 f5 28.
Qd3 Qxe6 29. Nxf5 Rad8 30. Qe3 Qxe3 31. Nxe3 Rxd5 32. Nxd5 Bd8 33. f4 Kf7 34.
Kg2 Re8 35. Kf3 Re6 36. g4 Rd6 37. Rd1 h6 38. f5 g6 39. fxg6+ Kg7 40. Ke4 Bg5
41. Ke5 Rc6 42. Rf1 Rxg6 43. Nc7 Be7 44. Ne6+ Kg8 45. Rf4 h5 46. gxh5 Rg2 47.
h6 Rxb2 48. Rg4+ Kh8 49. Nf4 Kh7 50. Rg7+ Kxh6 51. Rxe7 Rxb3 52. Nd5 Rb1 53.
Kd6 c4 54. Ra7 Ra1 55. Kc5 Kg5 56. Kb6 Rd1 57. Nb4 Rc1 58. Na2 1-0

[Event "Reykjavik Open"]
[Site "Reykjavik ISL"]
[Date "2012.03.10"]
[Round "5"]
[White "Jones, G."]
[Black "Caruana, F."]
[Result "1/2-1/2"]
[WhiteElo "2635"]
[BlackElo "2767"]
[PlyCount "58"]
[EventDate "2012.03.06"]

1. e4 c5 2. Nf3 e6 3. g3 Nc6 4. Bg2 d5 5. exd5 exd5 6. d4 Nf6 7. O-O Be7 8. Be3
cxd4 9. Nxd4 O-O 10. Nc3 Bg4 11. Qd3 a6 12. Rfe1 Qd7 13. Nxc6 bxc6 14. Na4 Qf5
15. Bf4 Bb4 16. Qxf5 Bxf5 17. c3 Ba5 18. Bf1 Bd8 19. b3 Ne4 20. h4 Bf6 21. Rac1
g5 22. hxg5 Nxg5 23. Bg2 Nh3+ 24. Bxh3 Bxh3 25. Be5 Bg5 26. f4 Be7 27. Bd4 Rfe8
28. Re3 Bf5 29. Nc5 Bxc5 1/2-1/2

[Event "Reykjavik Open"]
[Site "Reykjavik ISL"]
[Date "2012.03.10"]
[Round "5"]
[White "Navara, D."]
[Black "Sokolov, Ivan"]
[Result "0-1"]
[WhiteElo "2700"]
[BlackElo "2653"]
[PlyCount "74"]
[EventDate "2012.03.06"]

1. e4 e5 2. Nf3 Nc6 3. Bb5 a6 4. Ba4 d6 5. O-O Nf6 6. Re1 Bd7 7. c3 g6 8. d4 b5
9. Bb3 Bg7 10. Bg5 O-O 11. Nbd2 Re8 12. h3 h6 13. Bh4 Na5 14. Bc2 c5 15. Nb3
cxd4 16. Nxa5 Qxa5 17. cxd4 exd4 18. Nxd4 Qb6 19. Nf3 Be6 20. Nd4 Bc8 21. Qd2
Bb7 22. Bxf6 Bxf6 23. Rad1 d5 24. Bb3 Rxe4 25. Rxe4 dxe4 26. Nf5 Rd8 27. Nxh6+
Kg7 28. Qc1 Rxd1+ 29. Bxd1 e3 30. Ng4 exf2+ 31. Kf1 Bd4 32. Qh6+ Kg8 33. Qf4
Qc6 34. Bf3 Qc4+ 35. Be2 Bxg2+ 36. Kxg2 Qxe2 37. Nh6+ Kh7 0-1